LEADER 00958nam a2200241 u 4500 001 000000083407 003 CaOOAMICUS 005 20070226123951.0 008 050505s1923 it u000 u ita u 035 $a11045066 040 $aPUL(R)$bita 041 0 $aita$aheb 130 0 $aBiblia.$pV.T.$pRuth.$lItaliano.$0(OLS)http://pul/title/42989 245 13$aIl libro di Ruth /$ctesto ebraico e traduzione a cura di Ferruccio Valente. 260 $aTorino :$bSEI,$c1923. 300 $a24 p. ;$c19 cm 700 1 $aValente, Ferruccio,$cM.I.,$dn. 1884.$0(OLS)http://pul/name/54988 730 0 $aBiblia.$pV.T.$pRuth.$lEbraico.$0(OLS)http://pul/title/108736 850 $aPUL 852 $aPUL$W1$xDP1 Fondo Cecchetti$y53$m265 C 22$j106135$nBK-PRI$b $qFondi$B106135$CPULBib$Z2$F106135 $HPUL1128 $81 941 1 $a1 996 $6245$aIl libro di Ruth$9(OLS)http://pul/title/108735 996 $6260$aTorino :$bSEI$9(OLS)http://pul/publisher/47967 LEADER 01645nam a2200349 a 4500 001 000000130575 003 CaOOAMICUS 005 20121002102240.0 008 121002s1987 it cf u000 u ita r 020 $a88-14-01235-0 040 $aPUL$bita 041 1 $aita$hger 082 04$a261.8 100 1 $aWiesnet, Eugen,$d1941-$0(OLS)http://pul/name/57968 240 10$aVerretane Versöhnung.$lItaliano.$0(OLS)http://pul/title/165031 245 10$aPena e retribuzione :$bla riconciliazione tradita sul rapporto fra cristianesimo e pena /$cEugen Wiesnet ; traduzione di Luciano Eusebi. 260 $aMilano :$bGiuffrè,$c1987. 300 $aXIX, 176 p., [1] p. di tav. :$britr. ;$c23 cm 490 1 $aCriminologia, politica criminale, diritto penale. Sez. 2 ;$v01 504 $aBibliografia p. [171]-176. 650 4$aTeologia sociale.$0(OLS)http://pul/subject/37290 650 4$aPena$xConcezione cristiana.$0(OLS)http://pul/subject/39018 700 1 $aEusebi, Luciano.$0(OLS)http://pul/name/27431 830 0$aCriminologia, politica criminale, diritto penale.$nSezione 2 ;$v01.$0(OLS)http://pul/title/165033 850 $aPUL 852 $aPUL$W1$xSL Religione 3$y85$m261. 8 WIEEU 1$j151016$qDDC 21$B149703$CPULBib$Z2$F149703 $H120836 $82 941 1 $a9 996 $6020$a88-14-01235-0$9(OLS)http://pul/number/150646 996 $6082$a261.8$9(OLS)http://pul/classification/367 996 $6245$aPena e retribuzione :$bla riconciliazione tradita sul rapporto fra cristianesimo e pena$9(OLS)http://pul/title/165032 996 $6260$aMilano :$bGiuffrè$9(OLS)http://pul/publisher/48401